Quizzes
Events
Quiz Creation
Community
Videos
Private Events
Remove Ads
Sign In
Join for FREE
Feedback
Dark Mode
Quiz Categories
Sports
Geography
Music
Movies
Television
Just For Fun
Miscellaneous
History
Literature
Language
Science
Gaming
Entertainment
Religion
Holiday
For Kids
Quiz Lab
Recent
Popular Today
Quiz Kudos Today
Editor Picks
Curator Picks
Quizzes by...
Day
Popularity
Type
Ratings
Length
Year
Community
Subscriptions
Recent Discussions
Orange Saloon
Badges
Playlists
Quests
Create
Leaderboards
Showdown
Live 5
Trivia Bingo
Activity
Puzzle Library
Sporcle Events
Private Events
Virtual Trivia
Globe League
Become a Host
Pub Owners
SporcleCon
Opinionation
Our Games
Videos
Blog
Mobile Apps
Partnerships
Remove Ads and Go Orange
Feedback
Movies
Disney
Marvel Cinematic Universe
Movie Resume
Movie Titles
Oscar
Actor
Actress
Director
Pixar
Role
Movie Quotes
Movie Characters
Box Office
Nominee
Best Picture
Star Wars
James Bond
Horror Movies
Movies
Disney
Marvel Cinematic Universe
Movie Resume
Movie Titles
Oscar
Actor
Actress
Director
Pixar
Role
Movie Quotes
Movie Characters
Box Office
Nominee
Best Picture
Star Wars
James Bond
Horror Movies
Random Quiz
Search Sporcle
×
Quiz Lab
Quiz Lab
Movies
Oscar
Type in answers that appear in a list
Type in answers that appear in a list
Classic
Best Score? Go Orange.
Oscar Acting Noms by Meryl Streep Film Stats
Can you name the Oscar-Nominated Actor by Film that earned Meryl Streep an Oscar nomination?
By
sredding
5m
41 Questions
390 Plays
390 Plays
390 Plays
Comments
Comments
Give Quiz Kudos
Give Quiz Kudos
-
- Ratings
hide this ad
Replay
Link that replays current quiz
Next Quiz
Link to next quiz in quiz playlist
You Got
0%
They Got
Avg Score
53%
Avg Friend Score
Upgrade to see
Score Distribution
Jump to the score distribution portion of the page
Score
0/41
Timer
05:00
0
Plays Today
Streep's Nominated Film
Co-Star
% Correct
Kramer vs. Kramer
Dustin Hoffman
98.5%
The Deer Hunter
Robert Deniro
96.2%
Doubt
Phillip Seymour Hoffman
90.5%
August: Osage County
Julia Roberts
88.6%
Adaptation
Nicolas Cage
85.6%
The Bridges of Madison County
Clint Eastwood
85.4%
Doubt/
Julie and Julia
Amy Adams
85.4%
Into the Woods
Johnny Depp
84.3%
The Devil Wears Prada
Anne Hathaway
84.1%
Sophie's Choice
Kevin Kline
83.1%
Out of Africa
Robert Redford
83.1%
The Deer Hunter
Christopher Walken
80.5%
Ironweed
Jack Nicholson
79.2%
The French Lieutenant's Woman
Jeremy Irons
77.7%
One True Thing
Renee Zellweger
75.1%
Into the Woods
Anna Kendrick
72.9%
One True Thing
William Hurt
72.3%
Silkwood
Cher
70.3%
The Devil Wears Prada/
Julie and Julia
Stanley Tucci
69.7%
August: Osage County
Benedict Cumberbatch
68.6%
Adaptation/
August: Osage County
Chris Cooper
67.7%
Streep's Nominated Film
Co-Star
% Correct
Doubt
Viola Davis
64.4%
August: Osage County
Juliette Lewis
64.3%
Music of the Heart
Angela Bassett
60.5%
Postcards from the Edge
Richard Dreyfuss
58.7%
The Iron Lady
Jim Broadbent
55.9%
Adaptation
Tilda Swinton
55.4%
August: Osage County
Abigail Breslin
54.3%
Postcards from the Edge
Shirley Maclaine
53.6%
Postcards from the Edge
Gene Hackman
52.6%
Kramer vs. Kramer
Jane Alexander
49.7%
Adaptation
Maggie Gyllenhaal
48.7%
Postcards from the Edge
Annette Bening
46.7%
Silkwood
David Strathairn
46.2%
Kramer vs. Kramer
Justin Henry
45.4%
Music of the Heart
Cloris Leachman
44.1%
August: Osage County
Sam Shepard
35.7%
Out of Africa
Klaus Maria Brandauer
21.5%
Ironweed
Michael O'Keefe
16.2%
Silkwood
Diana Scarwid
15.4%
Ironweed
Carroll Baker
12.8%
Quiz Playlist
Details
Report
Send in Message
Add To Playlist
Classic:
Type in answers that appear in a list
Last Updated: Feb 16, 2017
Quiz Scoreboard
CHALLENGE
Sign Up to Join the Scoreboard
Show All
Scores
Hide
Comments
May contain spoilers
Recently Published
TV Characters by Other Roles V
by ghcgh
Television
5m
Decade Duel: World Leaders
by jenniferyan
History
4m
Alphabetical 'K' Countries by Flag Minefield
by ylime102
Geography
3m
More to Explore
Quiz From the Vault
Featured Blog Post
15 Basketball Trivia Facts You Can Be March Mad About
hide this ad
You Might Also Like...
Tags
Actor Quiz
Oscar Quiz
co-star
Meryl Streep
nom
nomination
total
Today's Top Quizzes in Movies
Browse Movies
hide this ad
Today's Top Quizzes in Oscar
Browse Oscar
Top Contributed Quizzes in Movies
1
Pick 6: Harry Potter
2
Pick 6: Movie Franchises
3
Pick 6: Actors
4
Pick 6: Actresses
5
Pick 6: Disney Princesses
6
Decade Duel: Best Picture Winner
7
Movies of the Seasons
8
Match The President To The Fictional Crisis
9
Decade Duel: Disney Animated Movies
10
Movie Seasons
Explore More
Trending Topics
Harry Potter
Crossword
Kpop
Anime
Marvel
NBA
Disney
Country
NFL
Soccer
Puzzle
WWE
Pokémon
The Office
Song
hide this ad
More By:
sredding
Quiz
Plays
Rating
Category
Featured
Created
TV Chain Game
531
4.40
Television
Feb 10, 2011
Top 100 Films of the 2010s (IndieWire)
467
4.67
Movies
Jul 23, 2019
Oscar Acting Noms by Meryl Streep Film
390
4.00
Movies
Feb 27, 2013
Best Picture by Emmy Winner
262
5.00
Entertainment
Feb 21, 2013
Friends Guest Stars by Award-Nominated Role
155
4.00
Television
Feb 22, 2013
Go to Creator's Profile
Score Distribution
Quiz Creator Spotlight
sredding
Follow
Send a Message
Quizzes Created
-
Created Quiz Play Count
-
More By This Creator
Popular Quizzes Today
1
Countries of Asia Without Outlines Minefield
2
Find the US States - No Outlines Minefield
3
Pick 6: Fruits
4
The Countries of the World
5
Find the Countries of Europe - No Outlines Minefield
6
Alphabetical 'K' Countries by Flag Minefield
7
US States
8
Find the US States
More Movies Quizzes
Phone Calls in Movies
Published
Trending Quizzes
Pick 6: Mountains
Pick 6: Harry Potter
Pick 6: Flags
Pick 6: NFL Teams
C Names for Actors
Recently Updated
Adaptations: Name the Title
pecheneg
NWSL Teams
pecheneg
Women's Final Four Teams by Year
bhenderson79
Presidents Quartet II
eogle
Anything But Clue(do)
eogle
Anything But Oceanian Capitals
eogle
Anything But 7
eogle
Anything But Thing
eogle
Word Ladder: February 29
pecheneg
Song Title Questions
pecheneg
Trending Topics
Crossword
Kpop
Anime
Harry Potter
Disney
Marvel
NBA
Song
Pokémon
Soccer
Country
WWE
Puzzle
NFL
The Office
Your Account Isn't Verified!
In order to create a playlist on Sporcle, you need to verify the email address you used during registration. Go to your
Sporcle Settings
to finish the process.
Report this User
Report this user for behavior that violates our
Community Guidelines
.
Details:
Send Report
Go to the Sporcle.com Mobile Site →
Comments